Pokémon les plus lents (évolution finales) - Statistiques

Statistiques générales
  • Ce quiz a été pris 481 fois
    372 depuis la dernière actualisation
  • Le résultat moyen est 9 sur 42
Statistiques - réponses
Stat Pokémon % Correct
213 5 Caratroc
69%
143 30 Ronflex
67%
208 30 Steelix
51%
080 30 Flagadoss
40%
598 20 Noacier
40%
199 30 Roigada
35%
411 30 Bastiodon
33%
771 5 Concombaffe
31%
208 30 Méga-Steelix
31%
324 20 Chartor
29%
080 30 Méga-Flagadoss
28%
437 33 Archéodong
26%
713 28 Séracrawl
25%
526 25 Gigalithe
24%
047 30 Parasect
24%
589 20 Lançargot
22%
748 35 Prédastérie
22%
202 33 Qulbutoké
22%
219 30 Volcaropod
20%
746 30 Froussardine (forme banc)
19%
323 20 Méga-Camérupt
19%
192 30 Héliatronc
16%
618 32 Limonde
16%
302 20 Méga-Ténéfix
16%
750 35 Bourrinos
15%
565 32 Mégapagos
15%
185 30 Simularbre
15%
780 36 Draïeul
14%
579 30 Symbios
14%
413 36 Cheniselle (3 capes)
13%
195 35 Maraiste
13%
563 30 Tutankafer
13%
776 36 Boumata
12%
222 35 Corayon
12%
591 30 Gaulet
11%
460 30 Méga-Blizzaroi
11%
518 29 Mushana
11%
442 35 Spiritomb
11%
770 35 Trépassable
10%
423 39 Tritosor
9%
683 30 Cocotine
7%
756 30 Lampignon
6%
Aucun quiz correspondant
Distribution des résultats
% des personnes avec chaque résultat
Percentile par nombre de réponses
Votre historique - résultats
Vous n’avez pas pris ce quiz depuis la dernière actualisation